00394 2200157 4500001002100000005001500021035002000036245004500056100002200101250001200123300002400135260003700159082000800196084001400204020001800218INLIS00000000000115820260430115628 a0010-04260000161 akeajaiban di langit /cnila cynthia dewi0 anila cynthia dewi apertama a24 hlm :bilustrasi ajakarta :bKEMENdikdasmen,c2023 a813 a813 NIL k a9786231189103